| 000 | 01348 a2200193 4500 | ||
|---|---|---|---|
| 001 | 46668 | ||
| 005 | 20260407155737.0 | ||
| 008 | 260407a1975 arg spa d | ||
| 003 | AR-UNSa-BCEJYS | ||
| 040 |
_aAR-UNSa-BCEJYS _bspa _cAR-UNSa-BCEJYS |
||
| 080 |
_a347.72 _xSociedades comerciales |
||
| 245 | 1 | 0 |
_aDerecho Societario _pestudio y análisis del decreto - Ley 19550 |
| 264 | 1 |
_aBuenos Aires : _bDepalma _c1975 |
|
| 300 |
_a220 p. _c24 cm. |
||
| 505 | _aParte Primera: Estudio sobre temas de derecho societario: 1. Naturaleza jurídica de las sociedades (decreto-ley 19.550) – 2. Clasificación de las sociedades comerciales – 3. Sociedad comercial y sociedad civil – 4. Empresa y sociedad – 5. Las cooperativas y su naturaleza – 6. Capacidad para ejercer el comercio: algunos aspectos – 7. La responsabilidad en nuestro derecho societario – 8. El comercio, el descubrimiento de América y el derecho comercial - - Parte Segunda: Análisis para una reforma del régimen de sociedades comerciales: 9. De la existencia de sociedades – 10. Sociedades colectivas. Razón social – 11. Sociedades anónimas – 12. Asambleas – 13. Administración: quórum – 14. Fiscalización estatal – 15. Nominatividad de las acciones. | ||
| 942 | _cBK | ||
| 590 | _aniveau_biblio:m niveau_hierar:0 | ||
| 100 | 1 | _aCornejo Costas, Emilio | |
| 999 |
_c4227 _d4227 |
||